| 000 | 01204cam a22003377a 4500 | ||
|---|---|---|---|
| 003 | CHAP | ||
| 005 | 20220817043347.0 | ||
| 008 | 971013s1955 r 00010 d | ||
| 010 | _a73125 | ||
| 011 | _a74097 | ||
| 035 | _a83655 | ||
| 040 | _cCHAP | ||
| 082 |
_a622.98 _bB37 |
||
| 100 | 0 | 0 |
_aBargalló, Modesto. _910179 |
| 245 | 1 | 3 | _aLa minería y la metalurgia en la América española durante la época colonial |
| 260 |
_aMéxico, D. F. : _bFondo de Cultura Económica, _c1955 |
||
| 300 |
_a442 p. _b: ilus. |
||
| 500 | _aApéndice sobre la industria del hierro en México, desde la iniciación de la Independencia hasta el presente, p. 355-365 | ||
| 504 | _aBibliografía, p. 367-401 | ||
| 590 |
_aBATCH-UPD _b10 _c20130110 _lUCH01 _h0720 |
||
| 590 |
_aBATCH-UPD _b10 _c20130410 _lUCH01 _h0404 |
||
| 590 |
_aBATCH-UPD _b10 _c20130914 _lUCH01 _h0537 |
||
| 590 |
_aCONVERSION _b10 _c20130109 _lUCH01 _h1340 |
||
| 650 | 1 | 4 |
_aIndustrias mineras _xAmérica Latina. _958013 |
| 650 | 1 | 4 |
_aIndustrias mineras _zMéxico. _958021 |
| 650 | 1 | 4 |
_aMetalurgia. _975173 |
| 650 | 1 | 4 |
_aMéxico _xHistoria. |
| 901 | _aBK | ||
| 942 | _cLIBRO | ||
| 949 |
_a622.98 B37 _bBC _cLIBRO _d33724000017869 _eLIBRO _h18693 _i83655 _si |
||
| 999 |
_c73125 _d73125 |
||